Butterfly : from refugee to Olympian, my story of ... Read More
Available copies
- 1 of 1 copy available at LARL/NWRL Consortium.
- 1 of 1 copy available at Lake Agassiz Regional Library. (Show preferred library)
Current holds
0 current holds with 1 total copy.
Show Only Available Copies
| Location | Call Number / Copy Notes | Barcode | Shelving Location | Status | Due Date |
|---|---|---|---|---|---|
| Crookston Public Library | 921 MAR (Text) | 33500012722401 | Main | Available | - |
Record details
- ISBN: 9781250184405
- ISBN: 1250184401
- Physical Description: 284 pages, 8 unnumbered pages of plates : color ... Read More
- Edition: First U.S. edition.
- Publisher: New York : St. Martin's Press, 2018.
Content descriptions
| General Note: | "First published in the United Kingdom by Bluebird, an imprint of Pan Macmillan"--Title page verso. |
| Summary, etc.: | Yusra Mardini fled her native Syria to the Turkish ... Read More |
Search for related items by subject
| Genre: | Autobiographies. |
| LDR | 02524cam a22004938i 4500 | ||
|---|---|---|---|
| 001 | 284684 | ||
| 003 | LARL_NWRL_CONSORTIUM | ||
| 005 | 20180517174137.0 | ||
| 008 | 180119s2018 nyua 000 0aeng | ||
| 010 | . | ‡a 2017061098 | |
| 040 | . | ‡aDLC ‡beng ‡erda ‡cDLC ‡dOCLCO ‡dSSH ‡dGK8 ‡dTOH ‡dIEB ‡dBUDAP | |
| 020 | . | ‡a9781250184405 ‡q(hardcover) | |
| 020 | . | ‡a1250184401 ‡q(hardcover) | |
| 020 | . | ‡z9781250184412 (ebook) | |
| 035 | . | ‡a(OCoLC)1001333520 | |
| 037 | . | ‡bSt Martins Pr, C/O Mps 16365 James Madison Hwy Us Hwy 15, Gordonsville, VA, USA, 22942, (212)6745151 ‡nSAN 631-5011 | |
| 042 | . | ‡apcc | |
| 082 | 0 | 0. | ‡a797.2/1092 ‡aB ‡223 |
| 100 | 1 | . | ‡aMardini, Yusra, ‡eauthor. ‡0(LARL_NWRL_CONSORTIUM)224657 |
| 245 | 1 | 0. | ‡aButterfly : ‡bfrom refugee to Olympian, my story of rescue, hope, and triumph / ‡cYusra Mardini with Josie Le Blond. |
| 250 | . | ‡aFirst U.S. edition. | |
| 264 | 1. | ‡aNew York : ‡bSt. Martin's Press, ‡c2018. | |
| 300 | . | ‡a284 pages, 8 unnumbered pages of plates : ‡bcolor illustrations ; ‡c25 cm | |
| 336 | . | ‡atext ‡btxt ‡2rdacontent | |
| 337 | . | ‡aunmediated ‡bn ‡2rdamedia | |
| 338 | . | ‡avolume ‡bnc ‡2rdacarrier | |
| 500 | . | ‡a"First published in the United Kingdom by Bluebird, an imprint of Pan Macmillan"--Title page verso. | |
| 520 | . | ‡aYusra Mardini fled her native Syria to the Turkish coast in 2015 and boarded a small dinghy full of refugees bound for Greece. When the small and overcrowded boat's engine cut out, it began to sink. Yusra, her sister and two others took to the water, pushing the boat for three and a half hours in open water until they eventually landed on Lesbos, saving the lives of the passengers aboard. Butterfly is the story of that remarkable woman, whose journey started in a war-torn suburb of Damascus and took her through Europe to Berlin and from there to the 2016 Olympic Games in Rio de Janeiro. | |
| 600 | 1 | 0. | ‡aMardini, Yusra. ‡0(LARL_NWRL_CONSORTIUM)224657 |
| 611 | 2 | 0. | ‡aOlympic Games ‡n(31st : ‡d2016 : ‡cRio de Janeiro, Brazil) ‡xHistory. |
| 600 | 1 | 4. | ‡aMardini, Yusra. ‡0(LARL_NWRL_CONSORTIUM)224657 |
| 611 | 2 | 4. | ‡aOlympic Games ‡n(31st : ‡d2016 : ‡cRio de Janeiro, Brazil.) |
| 650 | 0. | ‡aWomen swimmers ‡zSyria ‡vBiography. | |
| 650 | 7. | ‡aSPORTS & RECREATION / General. ‡2bisacsh | |
| 650 | 4. | ‡aWomen swimmers ‡zSyria ‡vBiography. | |
| 655 | 7. | ‡aAutobiographies. ‡2lcgft | |
| 700 | 1 | . | ‡aLe Blond, Josie, ‡eauthor. |
| 901 | . | ‡a284684 ‡bOCoLC ‡c284684 ‡tbiblio ‡soclc | |

Add to basket
Permalink
Disable Highlighting